000 00458nam a2200181Ia 4500
005 20240823063105.0
008 240823s9999||||xx |||||||||||||| ||und||
041 _aENGLISH
082 _A006.6 N3
100 _a"Stevens,Roger T"
245 0 _aQuick Reference to Computer Graphics Terms
250 _a1st
260 _c1993
_b"Prism Books,Ban"
500 _aYES
650 _aComputer Graphics
_bInformation Technology
942 _cBK
999 _c237422
_d237422